Problems of Capital Formation in Underdeveloped Countries : and Patterns of Trade and Development /

En este análisis, el autor considera que los mercados pequeños constituyen el factor limitante para el desarrollo económico de los países subdesarrollados, porque en ellos existe bajo nivel de ingresos, de productividad y de inversión (poca demanda, poca oferta).

Guardat en:
Dades bibliogràfiques
Autor principal: Nurkse, Ragnar (autor)
Format: Llibre
Idioma:anglès
Publicat: Nueva York, EUA : Oxford University, 1967, c1953-1961
Matèries:
Etiquetes: Afegir etiqueta
Sense etiquetes, Sigues el primer a etiquetar aquest registre!

MARC

LEADER 00000nam^a2200000^a^4500
001 000345014
005 20250521000000.0
009 20260526141313.206
037 |a Acervo Xavier Clavigero 
041 |a ING 
082 |a 330. 91724  |b NUR 
100 |a Nurkse, Ragnar  |e (autor) 
240 1 1 |a [Problemas de formación de capital en los países insuficientemente desarrollados] 
245 1 0 |a Problems of Capital Formation in Underdeveloped Countries :  |b and Patterns of Trade and Development /  |c R. Nurkse. 
264 4 |a Nueva York, EUA :  |b Oxford University,  |c 1967, c1953-1961 
300 |a 226 p. 
336 |a texto  |b txt  |2 rdacontenido 
337 |a sin mediación  |b n  |2 rdamedio 
338 |a volumen  |b nc  |2 rdasoporte 
520 |a En este análisis, el autor considera que los mercados pequeños constituyen el factor limitante para el desarrollo económico de los países subdesarrollados, porque en ellos existe bajo nivel de ingresos, de productividad y de inversión (poca demanda, poca oferta). 
649 |a XX 
650 |a Comportamiento Demográfico -  |z Países Subdesarrollados 
650 |a Oferta y Demanda -  |z Países Subdesarrollados 
650 |a Mercado -  |z Países Subdesarrollados 
650 |a Inversiones de Capital -  |z Países Subdesarrollados -  |x Tema Principal 
650 |a Inversiones -  |z Países Subdesarrollados 
650 |a Comercio -  |x Teoría -  |x Tema Principal 
650 |a Política Comercial 
650 |a Política Económica -  |z Países Subdesarrollados 
650 |a Desarrollo Económico-Social -  |z Países Subdesarrollados -  |x Tema Principal 
650 |a Economía -  |z Países Subdesarrollados -  |x Tema Principal 
650 |a Economía -  |x Historia 
650 |a Economía -  |x Teoría 
740 0 |a Patterns of Trade and Development /  |c R. Nurkse. 
910 |a Fondo General 
920 |a Impresos - Libros 
930 |a Colección General 
905 |a 101 
901 |a 062553  |b IT1  |c ACC  |u 20250521 
902 |a https://opac.biblio.iteso.mx/vufind/Record/000345014